000 00613nam a2200253Ia 4500
005 20260121153806.0
008 008 260114s9999 xx 000 0 eng d
020 _a9780203052891
037 _aEBOOK
040 _aCRL
040 _beng
040 _cCRL
041 _2eng
041 _aeng
084 _qCRL
100 _aSteven A. Stahl; David A. Hayes
_9999173
245 0 _aInstructional Models in Reading
260 _bTaylor and Francis
260 _c1997
856 _uhttp://www.taylorfrancis.com/books/9780203052891
942 _cEBOOK
999 _c1565994
_d1565994